| 000 | 00000nam##2200000za#4500 |
| 001 | 9.699192 |
| 003 | CaOODSP |
| 005 | 20210625000254 |
| 007 | cr ||||||||||| |
| 008 | 150407|1992||||xxc|||||o f|0| 0 eng|d |
| 040 | |aCaOODSP|beng |
| 043 | |an-cn--- |
| 086 | 1 |aEn40-689/1992E-PDF |
| 110 | 1 |aCanada. |bEnvironment Canada. |bConservation and Protection. |
| 245 | 10|aWater-wise tips for bathrooms |h[electronic resource] |
| 260 | |aOttawa - Ontario : |bEnvironment Canada. |c[1992]. |
| 300 | |a3p.|bgraph, illus. |
| 590 | |a14-21-Supp|b2014-12-11 |
| 690 | 07|aWater conservation|2gcpds |
| 690 | 07|aWater use|2gcpds |
| 775 | 08|tUtilisez l'eau judicieusement : |w(CaOODSP)9.643256 |
| 856 | 40|ahttp://publications.gc.ca|qPDF|s611 KB|uhttps://publications.gc.ca/collections/collection_2014/ec/En40-689-1992-eng.pdf |